000 00423nam a2200145Ia 4500
008 100204s9999 xx 000 0 und d
082 _b8408
100 _aपोंक्षे वंदना
245 _aदीपकळी
260 _b"रविराज प्रिंटर्स , पुणे"
_c1986
300 _a205
630 _aदीपकळी
730 _aदीपकळी
942 _cBOOK
999 _c452844
_d452841